<?xml version="1.0" encoding="UTF-8"?>
<collection xmlns="http://www.loc.gov/MARC21/slim">
 <record>
  <leader>01549nam a2200205Ia 4500</leader>
  <controlfield tag="001">CTU_231227</controlfield>
  <controlfield tag="008">210402s9999    xx            000 0 und d</controlfield>
  <datafield tag="082" ind1=" " ind2=" ">
   <subfield code="a">658.4</subfield>
  </datafield>
  <datafield tag="082" ind1=" " ind2=" ">
   <subfield code="b">J66</subfield>
  </datafield>
  <datafield tag="100" ind1=" " ind2=" ">
   <subfield code="a">Johnson, Whitney</subfield>
  </datafield>
  <datafield tag="245" ind1=" " ind2="0">
   <subfield code="a">Build an A-team :</subfield>
  </datafield>
  <datafield tag="245" ind1=" " ind2="0">
   <subfield code="b">Play to their strengths and lead them up the learning curve</subfield>
  </datafield>
  <datafield tag="245" ind1=" " ind2="0">
   <subfield code="c">Whitney Johnson</subfield>
  </datafield>
  <datafield tag="260" ind1=" " ind2=" ">
   <subfield code="a">Boston</subfield>
  </datafield>
  <datafield tag="260" ind1=" " ind2=" ">
   <subfield code="b">Harvard Business Review Press</subfield>
  </datafield>
  <datafield tag="260" ind1=" " ind2=" ">
   <subfield code="c">2018</subfield>
  </datafield>
  <datafield tag="520" ind1=" " ind2=" ">
   <subfield code="a">Do you want to have a high-performing team that strives for greatness, even in the face of uncertainty? Do you want to be a boss people love, while also driving high performance? Building morale and high performance are about engagement, and engagement is all about learning, argues Whitney Johnson. In over twenty years of research, investing, consulting, and coaching, Johnson has seen that people need continuous learning and fresh challenges to stay engaged. In this book you'll learn how to build an &quot;A&quot; team by leading team members on their current learning curve, how to design their jobs to maximize learning and engagement, and how to implement a seven-step process for advancing up the learning curve. We all want opportunities to learn, experiment, and grow in our jobs. The best bosses know this, and they know how to make it happen through thoughtful role design and just enough challenge.</subfield>
  </datafield>
  <datafield tag="650" ind1=" " ind2=" ">
   <subfield code="a">Tinh thần nhân viên,Tổ chức học tập,Employee morale,Organizational learning</subfield>
  </datafield>
  <datafield tag="910" ind1=" " ind2=" ">
   <subfield code="b">vtbtruc</subfield>
  </datafield>
  <datafield tag="980" ind1=" " ind2=" ">
   <subfield code="a">Trung tâm Học liệu Trường Đại học Cần Thơ</subfield>
  </datafield>
 </record>
</collection>
